000 00610nam a2200241Ia 4500
003 IT-RoPAU
008 120407s9999 xx 000 0 und d
040 _aIT-RoPAU
040 _cIT-RoPAU
041 _aita
100 _aC. Ogden
245 _aIl significato del significato. Studio dell’influsso del linguaggio sul pensiero e della scienza del simbolismo
250 _aMilano
260 _aIl Saggiatore
260 _c1966
300 _a412 p.
300 _c21 cm
490 _v1
600 _a1. Linguaggio. analisi 2 Semiotica
700 _aI. Richardas
942 _cBK
999 _c34263
_d34263